004530000a220010900045001000019000002450145000193000050001647730014002149420008002289520090002369990017003261 aNeira, Armando10aEste país que mata niños : Balas de diversos orígenes han convertido a Colombia en uno de los sitios más peligrosos para la infancia aVol. 4, Num. 4 (Julio, 1993), Páginas 12-190 tCambio 16 cANA 001040708HEMaFUSBCbFUSBCd2016-01-26l0o r2016-01-26 00:00:00w2016-01-26yANA c58509d58509